00320nam a2200121Ia 4500008004100000082001700041100002000058245002600078260003600104365000600140630002600146730002600172100415s9999 xx 000 0 und d b9232a599.31 aTirler Hermann aA Sloth in the Family aLONDONc1963bTHE HARVILL PRESS b0 aA Sloth in the Family aA Sloth in the Family